000 00754nam a2200229 a 4500
999 _c4435
_d4435
001 4435
003 BD-JhCC
005 20171127180717.0
008 171127s19792003b a|||| || | 000 0 b d
020 _a9844101549
035 _a(BD-JhCC)4435
040 _aBD-JhCC
_dBD-JhCC
041 _aben
082 _a759.954
_bHAS 2003
100 _aহাসান, ডক্টর সৈয়দ মাহমুদূল
245 _aমুসলিম চিত্রকলা /
_cডক্টর সৈয়দ মাহমুদূল হাসান,
260 _aঢাকা :
_bমাওলা ব্রাদার্স,
_c2003.
300 _a466 p. :
_bill. ;
_c20 cm.
650 _aPainting Mogul Empire
942 _2ddc
_cBK